Mendongkel "ABC politik" P. K. I., (Record no. 85887)

MARC details
000 -LEADER
fixed length control field 00623cam a22002171 4500
001 - CONTROL NUMBER
control field sa 68014574
003 - CONTROL NUMBER IDENTIFIER
control field DLC
005 - DATE AND TIME OF LATEST TRANSACTION
control field 20260227112633.0
008 - FIXED-LENGTH DATA ELEMENTS--GENERAL INFORMATION
fixed length control field 890317s1965 io ac 000 0 ind
010 ## - LIBRARY OF CONGRESS CONTROL NUMBER
LC control number sa 68014574
035 ## - SYSTEM CONTROL NUMBER
System control number (OCoLC)23560924
040 ## - CATALOGING SOURCE
Original cataloging agency DLC
Transcribing agency MiU
Modifying agency DLC
042 ## - AUTHENTICATION CODE
Authentication code premarc
050 00 - LIBRARY OF CONGRESS CALL NUMBER
Classification number JQ779.A55
Item number N6
100 1# - MAIN ENTRY--PERSONAL NAME
Personal name Notosoetardjo, Achmad,
Titles and words associated with a name Hadji.
245 10 - TITLE STATEMENT
Title Mendongkel "ABC politik" P. K. I.,
260 ## - PUBLICATION, DISTRIBUTION, ETC.
Place of publication, distribution, etc. [Djakarta]
Name of publisher, distributor, etc. Madjalah "Api Islam,"
Date of publication, distribution, etc. 1965.
300 ## - PHYSICAL DESCRIPTION
Extent 117 p.
Other physical details illus., ports.
Dimensions 21 cm.
610 20 - SUBJECT ADDED ENTRY--CORPORATE NAME
Corporate name or jurisdiction name as entry element Partai Komunis Indonesia.
710 2# - ADDED ENTRY--CORPORATE NAME
Corporate name or jurisdiction name as entry element Partai Komunis Indonesia.
Subordinate unit ABC politik.

No items available.

Powered by Koha